000 00892nam a2200301Ia 4500
001 Z_2420
003 CHAP
008 220113s1989 xx 000 0 und d
010 _a165475
020 _a968-18-3011-3
040 _cCHAP
082 _a338.176 B32 1989
245 _aEconomía zootécnica /
_cErnesto Bachtold Gómez... [et al]
250 _a2a ed.
260 _aMéxico :
_bLimusa,
_c1989
300 _a750 p.
503 _aej.1: C/E, ej.2: reposición
504 _aIncluye bibliografía
650 _aGanadería
_xAspectos económicos
_xMéxico
_944636
650 _aMéxico
_xAgricultura
_xHistoria
_9137687
700 _aI. Bachtold Gómez, Ernesto, autor II. Alonso Pesado, Francisco Alejandro, coaut. III. Aguilar Valdés, Alfredo, coaut.
_9139336
901 _a338.176 B32 1989
902 _aM
910 _a1989
942 _c1
942 _cc1
999 _c165475
_d165475